Alle Yokai aus Yokai Watch 3 - Statistiken

Allgemein
  • Dieses Quiz wurde 28 mal gespielt
  • Das Durchschnittsergebnis liegt bei 89 aus 694
Antwortstatistiken
Yo-Kai Rang % Korrekt
Jibanyan D
75%
Komasan D
75%
Amnesimon E
50%
Buchinyan A
50%
Dörrte B
50%
Dreiseha C
50%
Erdbeernyan B
50%
Gargaros S
50%
Gegenschirm E
50%
Hustanie E
50%
Jappakappa A
50%
Kiwinyan B
50%
Klapperika C
50%
Komajiro D
50%
Kryo S
50%
Kyubi S
50%
Leolingo C
50%
Leonidas A
50%
Leonidös E
50%
Meister Nyada S
50%
Melonyan A
50%
Miesmücke E
50%
Mochismo D
50%
Möter E
50%
Nixda E
50%
Opa Gusto E
50%
Opa Öko C
50%
Portalex C
50%
Reisgreis B
50%
Simpel E
50%
Sing-Sang E
50%
Skelebelle B
50%
Temportalex A
50%
Traubnyan B
50%
Verspeiser S
50%
Vierseha B
50%
Wandakappa D
50%
Waschogun B
50%
Wehigel D
50%
Whisper C
50%
Wichtel D
50%
Wutwammerl D
50%
Amilikan C
25%
Arachnia S
25%
Argwoni D
25%
Armonit D
25%
Aufbleiba E
25%
Auspelli D
25%
Axel Achtlos E
25%
B3-NK1 B
25%
Baku D
25%
Bandido B
25%
Benkei C
25%
Bestball B
25%
Bison Schleifer S
25%
Blabia C
25%
Blank-Man A
25%
Blanko D
25%
Butzemon S
25%
Casalusa A
25%
Casanovo A
25%
Chocobonyan A
25%
Chymäre S
25%
Corptain S
25%
Dämaskior S
25%
Dämona S
25%
Darumacho B
25%
Der Brocken C
25%
Der Vulkan B
25%
Diamanyan A
25%
Dilemmonadja D
25%
Dobbelmann B
25%
Donchan C
25%
Doofkapp E
25%
Dornyan B
25%
Dösbacke D
25%
Dösuma E
25%
Dracki D
25%
Drotzel E
25%
Egalaya D
25%
Einaugust D
25%
Eternia S
25%
Eulusionist C
25%
Faulheld E
25%
Feschfrosch S
25%
Fiesa A
25%
Fixi Fox D
25%
Flammureis A
25%
Flaumtaumler E
25%
Floppo C
25%
Florinoko A
25%
Frau Langhals C
25%
Frazzel A
25%
Frostina B
25%
Furzfürst A
25%
Gähneral B
25%
Galagarnele B
25%
Garudrun S
25%
Gasgeberg D
25%
Generaal B
25%
Glamourella S
25%
Glazia S
25%
Glitza S
25%
Glitzelle E
25%
Goldinyan S
25%
Goruma B
25%
Graf Karies S
25%
Grete Petete C
25%
Grilluminati C
25%
Grobianyan B
25%
Grobro A
25%
Haltan C
25%
Hausdemsin B
25%
Heita C
25%
Helmchen D
25%
Henry Laschke E
25%
Herr Körner B
25%
Hornboxa B
25%
Hovernyan B
25%
Hovernyan S S
25%
Huschemen B
25%
Hybritter A
25%
James B
25%
Jammsel E
25%
Jibakoma A
25%
Jibanyan B B
25%
Jibanyan S S
25%
Jibanyan T A
25%
Juckmuck A
25%
Kain Wagnis E
25%
Kalaua B
25%
Kalteser A
25%
Kamelia S
25%
Kantalupnyan A
25%
Kapunki A
25%
Kastellan I. A
25%
Kastellan II. B
25%
Kastellan III. C
25%
Katarrnich D
25%
Katzitän Kuck D
25%
Kicha D
25%
Kneiferer A
25%
Knobold B
25%
Kolliver E
25%
Komähne A
25%
Komajiro S S
25%
Komasan B B
25%
Komasan S S
25%
Komatigga A
25%
Krustov A
25%
Kuhrigella D
25%
Labernase C
25%
Leodrio C
25%
Liu-Bei-Jibanyan S
25%
Lü-Bu-Orcanos S
25%
Mama Aura A
25%
Mammusnich A
25%
Mata Hasi S
25%
Maujor C
25%
Meermadonna S
25%
Meermaid D
25%
Meermutter S
25%
Miasmia A
25%
Mimikini D
25%
Minimoto D
25%
Misskunz D
25%
Miss Teri B
25%
Mogry-Nyan A
25%
Momonyan A
25%
Nandhi A
25%
Nan-Sens E
25%
Nein-Nein D
25%
Nieselse C
25%
Nietell E
25%
Nihilo A
25%
Nimmersatt B
25%
Noko E
25%
Nomakappa A
25%
Norma B
25%
Nottürmer D
25%
Nunchacky S
25%
Nyass A
25%
Oberkastellan S
25%
Oberwichtel A
25%
Oma Kabra C
25%
Onimich B
25%
Oranyan B
25%
Pandanoko A
25%
Panja D
25%
Panja-Pro B
25%
Panza D
25%
Papa Blitzig A
25%
Pascha A
25%
Patzpanzer B
25%
Peter Petz B
25%
Petzmeralda D
25%
Pfannes E
25%
Pistoleros D
25%
Plattla E
25%
Pochtopf E
25%
Prymäre S
25%
Puhdel S
25%
Pupsi C
25%
Qnack E
25%
Rabähsball D
25%
Rambizambi B
25%
Rebelzebub E
25%
Regiena D
25%
Renitoni D
25%
Renné C
25%
Robonyan A
25%
Rosti C
25%
Rubinyan A
25%
Ruckizucki S
25%
Safto C
25%
Sailornyan A
25%
Samuraal D
25%
Samureis D
25%
Sanderl E
25%
Saphinyan A
25%
Säuseline B
25%
Schattenato S
25%
Schieba D
25%
Schimma A
25%
Schirmschelm E
25%
Schlammampf C
25%
Schleifer A
25%
Schlimskito C
25%
Schlitzspatz C
25%
Schlotterrier E
25%
Schlotzambain E
25%
Schmutzurai E
25%
Schneeschnüffel S
25%
Schwammurai E
25%
Seismo B
25%
Sengu S
25%
Serberker A
25%
Shogunyan S
25%
Shurikenny S
25%
Sir Berus A
25%
Sir Nyancelot A
25%
Sir Schrillington C
25%
Slax C
25%
Smaranyan A
25%
Sohlitärna E
25%
Spekulump A
25%
Sperrich B
25%
Spinnübel S
25%
Spoilerina S
25%
Stereoma B
25%
Sternenoko B
25%
Stibitza E
25%
Stimmuleo A
25%
Stocher C
25%
Strumpfbacke E
25%
Stumpfohreule E
25%
Sun-Ce-Komasan S
25%
Sündenblock A
25%
Sushiyama B
25%
Takojaking B
25%
Takoyakid D
25%
Tante Herzi S
25%
Tengu S
25%
Tengursula S
25%
Tigappa S
25%
Toilettina C
25%
Topanyan A
25%
Trickolaus C
25%
Trumpfohreule A
25%
Tschatscha D
25%
Tschulligung D
25%
Überkochtopf B
25%
Überschalla S
25%
Uhudini C
25%
U.L.O. C
25%
Unfrobergino E
25%
Untlitz D
25%
Ups-Sorryyy C
25%
Vagabuhu B
25%
Verschlinger S
25%
Vervisage D
25%
Vipolux S
25%
Wabbelnyan A
25%
Wallter A
25%
Walza E
25%
Wändewackler C
25%
Wassgeht A
25%
Weiakuchen E
25%
Wendelin E
25%
Wettaran C
25%
Wilheim Windsor E
25%
Willichauch E
25%
Wim Wendig C
25%
Winzikado C
25%
Wirreführer E
25%
Wirrwagen E
25%
Wissuv B
25%
Wobbelkoma A
25%
Wutwutz B
25%
Zackarias D
25%
Zangenzar S
25%
Zappelfant D
25%
Zar Knirscht C
25%
Zaudernuss D
25%
Zea Fezza E
25%
Zickeria B
25%
Zippa E
25%
Zitterfant C
25%
Zungus E
25%
Zungustine B
25%
Zynikonda B
25%
Aalbernd D
0%
Admiral Achtbar A
0%
Aeronyan B
0%
Afronaut D
0%
Agon B
0%
Alpina S
0%
Amokrele A
0%
Arachnius S
0%
Asura S
0%
Ätzardine D
0%
Aufmucki S
0%
Autschi E
0%
Aventurnyan B
0%
Awokalypso S
0%
Azurdrache S
0%
Bakulia B
0%
Bananase B
0%
Barbargus A
0%
Baronin Blitzblank B
0%
Barricardo D
0%
Bastetnyan S
0%
Batsan A
0%
Benzaiten S
0%
Besserling A
0%
Bishamonten S
0%
Blaukäppchen E
0%
Bogenraus-Brüder C
0%
Bohris D
0%
Börsenblokka B
0%
B-Quem S
0%
Brausch S
0%
Brüll A
0%
Brumm A
0%
Bube Komasan A
0%
Cao-Cao-Hovernyan S
0%
Captain Cumulus S
0%
Chillchilla B
0%
Daikokuten S
0%
Dame Usapyon A
0%
Dandackel S
0%
Dankedün D
0%
Darknyan A
0%
Darwin S
0%
Deadkool S
0%
Der Hinix S
0%
Dicker Fisch S
0%
Die Geistwirtin A
0%
Don Densato B
0%
Don Gelato B
0%
Doofkolb D
0%
Drachenfürst S
0%
Dracunyan B
0%
Drego A
0%
Dr. Mondhof S
0%
Dr. Van Nichter S
0%
Dunkelfeder A
0%
Durchmacha B
0%
Durchnässa C
0%
Dynamon S
0%
Ebisu S
0%
Egopatra S
0%
El Dorago S
0%
Eleganter Gesandter S
0%
El Gibales D
0%
Eloquentia S
0%
El Riffador S
0%
Enma der Altvordere S
0%
Enma der Ewige S
0%
Enma der Finstere S
0%
Enma der Strahlende S
0%
Eugen Lob C
0%
Farni E
0%
Fauliger Fürst S
0%
Feinhorn S
0%
Feinschwing S
0%
Fellix E
0%
Fettnapf-Fido E
0%
Filzfink B
0%
Filzfix D
0%
Finstengu C
0%
Finsterkyubi S
0%
Fledalein D
0%
Flederemit A
0%
Flederhaus A
0%
Flosso Furioso S
0%
Frau Fanghals B
0%
Freudenhans B
0%
Freundsfalta D
0%
Freundspalta D
0%
Frohland C
0%
Fukurokuju S
0%
Fu Machdu C
0%
Furorwurm A
0%
Fuu 2 C
0%
Ganzo S
0%
Geläuteter Sasel S
0%
Gentlemöter S
0%
Genuk C
0%
Gibales Grande A
0%
Gierrippe A
0%
Gilbi D
0%
Gilgaros S
0%
Glibbamanda A
0%
Glitzglotz S
0%
Glitzi S
0%
Graf Zappula C
0%
Grapschmampf B
0%
Griesgramba B
0%
Gusstav D
0%
Haartwig A
0%
Habssat C
0%
Hackerkönig A
0%
HAMMERBURGER D
0%
Heissluftbaron B
0%
Herr G. Nerös S
0%
Hinovator S
0%
Horridschinnal S
0%
Hotei S
0%
Imadschinn B
0%
Indiana Jaws A
0%
Insomnina A
0%
Ismir Übel B
0%
Jammalia A
0%
Jibalzebub A
0%
J. Ne-Sais-Quoi S
0%
Josper A
0%
Jubelstielchen B
0%
Jurojin S
0%
Kabuking S
0%
Kahnslocker D
0%
Karni B
0%
Kauderwels D
0%
Kid Kadaver A
0%
Killakappa A
0%
Kintaronyan A
0%
KJ B
0%
Kläffi Klick D
0%
Klaus Brüller C
0%
Kloklau B
0%
Klotzilla S
0%
Knuffiwuffi C
0%
Koalanyan A
0%
Kobramotz B
0%
Kolorknochen C
0%
Kolossokoma A
0%
Kolumbuskatz S
0%
Komadenbrüder B
0%
Komanubis S
0%
Komasan T A
0%
Komasantastico S
0%
Komasura S
0%
Komödschinn S
0%
Komplimochi E
0%
Kompurasan A
0%
Konfusius S
0%
Kongming-Whisper A
0%
König Halbgar A
0%
König Jibanyan A
0%
König Knausa A
0%
König Wyrum S
0%
Könnknochen A
0%
Körnerkaot D
0%
Krachmed B
0%
Krakolerik C
0%
Krötiger Dämon S
0%
Kühler Kuhkao E
0%
Kuhrmet A
0%
Kummerknochen A
0%
Kutterkahn A
0%
Kwalku S
0%
Kyryn S
0%
Kyubot S
0%
Laalaalaal C
0%
Labiliese A
0%
Labilotte A
0%
Leichenlerche A
0%
Leitmaulfrosch S
0%
Letzter Nyanmurai S
0%
Lob-Hud-Lah A
0%
Locktopus C
0%
Luchadonyan A
0%
Lungerhai C
0%
Machduma D
0%
Maginyan A
0%
Maharasa S
0%
Makrekel B
0%
Maledixi A
0%
Mani Panikau C
0%
Maximalefiz S
0%
Maximumm K B
0%
Maximumm N B
0%
MC Kappa B
0%
Meermassler B
0%
Meidechse S
0%
Meister Enma S
0%
Metropolyglossa S
0%
Miefasmia A
0%
Miefiger Mullrich B
0%
Miserika S
0%
Möchtebern C
0%
Moderzunge C
0%
Moppsa A
0%
Motzääär D
0%
Muzifer S
0%
Nachtschrat S
0%
Nascha D
0%
Needankedün B
0%
Negasus A
0%
Nerdinand D
0%
Nervo S
0%
Ninzikado E
0%
Nörgelika C
0%
Nostierdamus S
0%
Nostralahmus S
0%
Nuabbazu S
0%
Nyanses II. A
0%
Obermotzääär B
0%
Odyseenyan A
0%
OMGator D
0%
Onkel Oden A
0%
Onkel Omni S
0%
Ööölaf B
0%
Orcanos S
0%
Orgalus S
0%
Oridschinnal S
0%
Pandora S
0%
Paragroll A
0%
Pechtel C
0%
Peinlager C
0%
Peyn C
0%
Pfaunyan B
0%
Plappapappel B
0%
Platinos S
0%
Plätzmeralda C
0%
Plustarfalta A
0%
Polyglossa S
0%
Positivla B
0%
Prassa C
0%
Prinzessin Dotta S
0%
Prinzessin Perltrud S
0%
Prinz Lumi S
0%
Professor Knackvogel B
0%
Prokrastinocchio C
0%
Pümpel D
0%
Raffaela A
0%
Rattus I. C
0%
Ratzekarl C
0%
Rebelzeboy B
0%
Reinyan E
0%
Renni Ratlos D
0%
Rexterminator S
0%
Rhinfanterist B
0%
Rhinoberst A
0%
Rhinozerboss S
0%
Robodracki B
0%
Robokapp A
0%
Robokoma A
0%
Robonoko B
0%
Robonyan F A
0%
Robopa B
0%
Roböter B
0%
Robotto Y B
0%
Rosa Zukunft D
0%
Rosirunde C
0%
Rumbastilzchen C
0%
Sabba E
0%
Samba C
0%
Sandy S
0%
Sankt Saugus A
0%
Sarkoplag S
0%
Sasel S
0%
Sauersohle C
0%
Säufel S
0%
Schabanaki E
0%
Schämon A
0%
Schandmähre A
0%
Scharlahahn C
0%
Scheiterschädel E
0%
Schimpanyan B
0%
Schiriviper A
0%
Schirmschäm D
0%
Schlabat C
0%
Schlabbräumer A
0%
Schlappapa C
0%
Schlaubärga S
0%
Schmöka B
0%
Schnattalie D
0%
Schnuckiputz B
0%
Schnuckiwatz A
0%
Schockermähne A
0%
Schockschatz C
0%
Schokobananase A
0%
Schrecklicht B
0%
Schtompf A
0%
Schwupp D
0%
Seegras-Sensei C
0%
Sheriff Schlotter D
0%
Showbonyan A
0%
Signalabim A
0%
Sima-Yi-Usapyon S
0%
Sing Kong C
0%
Singzikado B
0%
Skunksnob C
0%
Smoggi D
0%
Solotus C
0%
Sonda-Ling C
0%
Spannsel D
0%
Spasshüpfer E
0%
Spatok A
0%
Spitzelspross E
0%
Stagnatius C
0%
Stahlemann C
0%
Statikid B
0%
Stolzstelz E
0%
Streugen B
0%
St-St-Stottfried C
0%
Stunkrigella C
0%
Sukkubinchen S
0%
Sumudon D
0%
Supernyan A
0%
Sushinyan A
0%
Süssspross D
0%
T. Edison S
0%
TeeKannich E
0%
Timmitus E
0%
T-Nyachthundert A
0%
Tofupyon A
0%
Tomnyan B
0%
Torturtraba S
0%
Trampeldino D
0%
Tranatol C
0%
Trauerhans B
0%
Tristine D
0%
Triviateddy S
0%
Tropfi E
0%
Tropfsalat C
0%
Ultrobonyan S
0%
Unfairmaid C
0%
Urlaubär C
0%
Urnakona C
0%
Urnersättlich B
0%
Urulker S
0%
Usapyon B
0%
Usapyon B B
0%
Värtippa C
0%
Väterchen Vielfrass B
0%
Vati Blum S
0%
Verheerbert S
0%
Verplempelch A
0%
Viptobot S
0%
Viptor S
0%
Vlad Vorpresch A
0%
Wabbelwutz S
0%
Wacher Enma S
0%
Wacher Hinovator S
0%
Wackelhandidat E
0%
Wahnwürzi S
0%
Wampsel D
0%
Wann-Wonni A
0%
Wapir C
0%
Waswohlaby C
0%
Watspappel E
0%
Wehporter C
0%
Welpinyan B
0%
Wetterwendi C
0%
Whispocrates C
0%
Wiederwanne D
0%
Wieich Willi E
0%
Willnich E
0%
Wirbel 10 A
0%
Wirbelwiesel A
0%
Wirrma E
0%
Wirrtropf B
0%
Wirzbald C
0%
Wunderwilli C
0%
Yokozudon B
0%
Zahnettchen D
0%
Zapfi E
0%
Zaudrak B
0%
Zauster B
0%
Zimbeline B
0%
Zornzwicker D
0%
Zuberzunge D
0%
Keine übereinstimmenden Quizze gefunden
Verteilung der Resultate
Anzahl Personen mit jedem Resultat
Perzentil nach korrekt beantworteten Fragen
Ihre Resultats-Entwicklung
Sie haben dieses Quiz noch nicht gespielt